1080 Recetas literarias para mejorar tu vida / (Registro nro. 10592)

Detalles MARC
000 -LIDER
fixed length control field 00864nam a22002537a 4500
001 - NÚMERO DE CONTROL
Identificador de número de control
003 - IDENTIFICACDOR DE NÚMERO DE CONTROL
control field DO-SdBNP
005 - DATE AND TIME OF LATEST TRANSACTION
control field 20230404095513.0
008 - ELEMENTOS DE LONGITUD FIJA
fixed length control field 160627b1998 sp |||| 00| 0 spa d
020 ## - ISBN
International Standard Book Number 8492093676
040 ## - FUENTE DE CATALOGACIÓN
Agencia que crea de manera original el registro BPMSU
Idioma de catalogación spa
Agencia que realiza la transcripción BPMSU
082 #4 - NÚMERO DE CLASIFICACIÓN DECIMAL DE DEWEY
Classification number R808.8
Item number M637o 1998
Edition number 22
245 00 - MENCIÓN DE TITULO
Título 1080 Recetas literarias para mejorar tu vida /
Mención de responsabilidad selección y edición Teodoro Izquierdo; prólogo de Manuel Vázquez Montalbán; epílogo de Jesús Ferrero
Campo enlazado y núm. de secuencia
246 13 - VARIACION DEL TÍTULO
Título propiamente dicho o título corto Mil ochenta recetas literarias para mejorar tu vida
260 ## - PUBLICACIÓN, DISTRIBUCIÓN, ETC. (PIE DE IMPRENTA)
Lugar de publicación, distribución, etc Madrid :
Nombre del editor, distribuidor, etc. FNAC,
Fecha de publicación, distribución, etc 1998.
300 ## - DESCRIPCIÓN FÍSICA
Extensión 118 p. ;
Dimensiones 22 cm.
590 ## - NOTA LOCAL
Enlace Inventariado, 2023/VM
650 #4 - ENCABEZAMIENTO DE MATERIA--TEMÁTICO
Término temático o nombre geográfico como elemento de entrada Máximas y pensamientos
Subdivisión de forma Colecciones
650 #4 - ENCABEZAMIENTO DE MATERIA--TEMÁTICO
Término temático o nombre geográfico como elemento de entrada
700 1# - ASIENTO SECUNDARIO -- NOMBRE PERSONAL
Nombre personal Vázquez Montalvan, M.,
Fechas asociadas con el nombre pról.
700 1# - ASIENTO SECUNDARIO -- NOMBRE PERSONAL
Nombre personal Izquierdo, Teodoro,
Fechas asociadas con el nombre ed.
910 ## - VALIDACIÓN
Validación BTAVÁREZ/ VMateo V.Control calidad (BPMSU)
942 ## - ADDED ENTRY ELEMENTS (KOHA)
Source of classification or shelving scheme Dewey Decimal Classification
Koha item type Libros
Existencias
Withdrawn status Lost status Source of classification or shelving scheme Damaged status Not for loan Collection code Home library Current library Date acquired Source of acquisition Full call number Barcode Date last seen Price effective from Koha item type
    Dewey Decimal Classification     Colección General Biblioteca Pública Metropolitana Salomé Ureña Biblioteca Pública Metropolitana Salomé Ureña 06/27/2016 Donación BPMSU CGR R808.8 M637o 1998 BPMSU16060581 06/27/2016 06/27/2016 Libros